Missing Word: Westerns Quiz Stats

 Plays Quiz Updated Aug 14, 2014

Support Sporcle.
Go Orange.
Score 0/20 Timer 02:00
0 Plays Today
Film Missing Word % Correct
The Good, the ___ , and the UglyBad
97.7%
Butch Cassidy and the ________ KidSundance
91.1%
____ NoonHigh
90.8%
Once Upon a ____ in the West Time
89.3%
_______ with WolvesDances
87.6%
Blazing _______Saddles
87.2%
____ SlickersCity
86.8%
The Mask of _____Zorro
75.7%
The Magnificent _____Seven
73.7%
My _______ ClementineDarling
67.9%
Film Missing Word % Correct
She Wore a ______ RibbonYellow
67.8%
They Died With Their _____ OnBoots
60.6%
For a Few _______ MoreDollars
58.8%
The ______ Josey WalesOutlaw
50%
________ at the O.K. CorralGunfight
41.3%
_______ Cogburn Rooster
40%
High Plains _______Drifter
39.4%
The ________ of the Sierra MadreTreasure
34.7%
The Wild _____Bunch
29.6%
A Man Called _____Horse
22.1%

Today's Daily Dose

You're not logged in!

Compare scores with friends on all Sporcle quizzes.
OR
Log In

From the Vault

Who Am I? Gaming Edition

by LisaSimpsonOH

Guess Who must have branched out into all kinds of games.
Remove Ads.
Support Sporcle.
Get the best of Sporcle when you Go Orange. This ad-free experience offers more features, more stats, and more fun while also helping to support Sporcle. Thank you for becoming a member.

Show Comments

Extras

Top Quizzes Today


Score Distribution

Your Account Isn't Verified!

In order to create a playlist on Sporcle, you need to verify the email address you used during registration. Go to your Sporcle Settings to finish the process.

Report this User

Report this user for behavior that violates our Community Guidelines.

Details: